000 00644nam a22002297a 4500
005 20230929164124.0
008 200321b xxu||||| |||| 00| 0 eng d
020 _a9789388548403
_c₹ 950
040 _beng
041 _aEnglish
082 _a345.0954
_bKAN
245 _aRatanlal and Dhirajlal the Indian Penal Code
_cEditorial board K. Kannan, Anjana Prakash
250 _a36th ed
260 _aGurgaon
_bLexisNexis
_c2019
300 _aclxxiv,viii,985p
_b25 cm
504 _aIncludes subject index
650 _aCriminal Law
_zIndia
700 _4ed.
_aKannan, K
700 _4ed.
_aPrakash, Anjana
850 _aLCLIB
942 _cBK
999 _c42728
_d93207